[Event "RUS-chT 05th"]
[Site "Maikop"]
[Date "1998.06.09"]
[Round "7"]
[White "Yandemirov, Valeri"]
[Black "Belozerov, Andrei"]
[Result "1/2-1/2"]
[WhiteElo "2545"]
[BlackElo "2460"]
[Annotator "Avrukh,B"]
[PlyCount "88"]
[EventDate "1998.06.03"]
[EventType "team-tourn"]
[EventRounds "11"]
[EventCountry "RUS"]
[SourceTitle "CBM 066"]
[Source "ChessBase"]
[SourceDate "1998.09.30"]
[SourceVersion "1"]
[SourceVersionDate "1998.09.30"]
[SourceQuality "1"]
[WhiteTeam "Kazan Sberbank-Tatarstan"]
[BlackTeam "Tomsk 400"]
[WhiteTeamCountry "RUS"]
[BlackTeamCountry "RUS"]

1. d4 {Mikhalevski,V} Nf6 2. g3 e6 3. Bg2 c5 4. Nf3 cxd4 5. Nxd4 d5 6. O-O Nc6
7. c4 Bc5 (7... Be7 {Mikhalevski,V} 8. Nc3 O-O 9. cxd5 Nxd5 10. Nxd5 exd5 11.
Be3 Be6 12. Rc1 Qd7 13. Nxc6 {1/2-1/2 Laesson,T-Piarnpuu,L/EST-tt, Tallinn EST
1998}) 8. Nxc6 bxc6 9. Qc2 Be7 (9... Bb6 $6 10. Bg5 O-O 11. e4 $1 h6 12. Bxf6
Qxf6 13. exd5 cxd5 14. cxd5 Ba6 15. Rd1 $16 {Heinatz,G-Andersson,C/Farum opW
1993 (41)}) 10. Rd1 O-O (10... Bd7 11. Nc3 O-O 12. e4 dxc4 13. Na4 e5 14. Qxc4
Be6 15. Qc2 Qa5 16. Bd2 $14 {Simon,H-Sandmann,B/NRW-I 1990/1-0 (72)} (16. Bd2 {
Mikhalevski,V} Qb5 17. Bf1 Qb7 18. f3 Nd7 19. Be3 $14 {Simon,H-Sandmann,B/
NRW-I 1990/1-0 (72)})) (10... Qb6 {Mikhalevski,V} 11. Nc3 (11. cxd5 cxd5 12.
Be3 Qa6 13. Bc5 Qc6 14. Rc1 Ba6 15. Bxe7 Qxc2 16. Rxc2 Kxe7 17. Nc3 Rac8 18.
Rac1 Kd7 19. e3 $11 {1-0 Tatenhorst,V-Neumann,J/OLNN 1993 (62)}) 11... O-O 12.
cxd5 cxd5 13. e4 dxe4 14. Nxe4 Bb7 15. Be3 Qa6 16. Bc5 Bxe4 17. Bxe4 Rac8 18.
Bd3 Qb7 19. b4 Rc7 20. Rac1 Bxc5 21. bxc5 Rfc8 $13 {1/2-1/2 Plachetka,J-Farago,
S/Balatonbereny op 1985 (64)}) 11. e4 (11. h3 $6 Bb7 12. Nc3 Qb6 13. Na4 Qb4
14. b3 dxc4 $11 {Bialas,W-Radic,P/BL8182 1982/0-1 (51)} (14... dxc4 {
Mikhalevski,V} 15. bxc4 Ba6 16. Rd4 Qe1+ 17. Bf1 Qa5 18. Be3 $14 {0-1 Bialas,
W-Radic,P/BL8182 1982 (51)})) (11. Nc3 Bb7 (11... Qa5 $5 12. Bd2 Qa6 13. cxd5
cxd5 14. e4 (14. Be3 Bb7 15. Qa4 Qxa4 16. Nxa4 Bc6 17. Nc3 Rfc8 18. Bd4 a5 $11
{0-1 Kuhn,D-Gawehns,K/NRW-I 1988 (31)}) 14... dxe4 15. Nxe4 Bb7 16. Nxf6+ Bxf6
17. Bxb7 Qxb7 18. Bc3 $11 {1/2-1/2 Zagoriansky,E-Taimanov,M/Leningrad 1949})
12. e4 Qc7 $5 13. Bg5 Rfd8 14. exd5 cxd5 15. cxd5 Nxd5 16. Bxe7 Nxe7 $11 {
Kogan,A-Oll,L/Antwerpen op 1996 (34)} (16... Nxe7 {Mikhalevski,V} 17. Rxd8+
Rxd8 18. Rd1 Rxd1+ 19. Qxd1 Bxg2 20. Kxg2 $14 {1/2-1/2 Kogan,A-Oll,L/Antwerpen
op 1996 (34)})) 11... Qa5 (11... Bb7 12. exd5 $6 (12. Nc3 {Mikhalevski,V} Qc8
13. Qb3 Nxe4 14. Nxe4 dxe4 15. Bxe4 $14 {Comp Interchess-Comp Isi Chess/WMC-ch
1996/1/2-1/2 (65)}) 12... cxd5 13. Nc3 Qc7 14. Qb3 Rab8 15. cxd5 Bxd5 16. Bf4
Bxb3 17. Bxc7 Bxd1 18. Bxb8 Rxb8 19. Nxd1 $11 {Barle,J-Oll,L/Manila olm 1992 
(42)} (19. Nxd1 Rc8 20. Ne3 Nd7 21. Kf1 Nb6 22. b3 f5 $11 {1/2-1/2 Barle,J-Oll,
L/Manila olm 1992 (42)})) 12. exd5 cxd5 13. Nc3 Bb7 14. cxd5 {After
contination that white chose in the game black's defensive task is not so
difficult although white keeps some pressure.More in the spirit of the
position was} (14. Bf4 $5 Rac8 $6 15. Qb3 Ba6 16. cxd5 Bc4 17. Qb7 Bc5 18. d6
$16 {and white got serious advantage;Gieritz,D-Piasecki,G/OLNO9697 1997 (25)})
(14. Qb3 $6 {Mikhalevski,V} Rab8 15. Bf4 e5 $1 (15... dxc4 $5) 16. Bxe5 $140 $2
dxc4 17. Qb5 Qxb5 18. Nxb5 Bxg2 19. Bxb8 Rxb8 $17) 14... Nxd5 15. Nxd5 Bxd5 16.
Bxd5 exd5 {[%csl Rd5]} 17. Bd2 $5 (17. Be3 $5 Bf6 18. Bd4 (18. Qd2 Qb5) 18...
Bxd4 19. Rxd4 Rac8 20. Qd3 Rfd8 21. b4 Qa4 22. a3 a5 23. b5 Qc2 24. Rd1 $14)
17... Qb5 18. Bc3 Rfd8 19. Qf5 $5 {Queen seems to be quiet well placed on f5.}
Bf8 20. Rd4 (20. Rd2 $5) 20... Rd6 {Rook can be useful defending its king.} (
20... Rd7 {Mikhalevski,V} 21. Rad1 Rad8 22. Rh4 $1 (22. Rg4 Rd6) 22... h6 23.
Rg4 {[%cal Gc3g7]} Kh8 $1 (23... Qa6 $2 24. Bf6) (23... Qc6 $2 24. Qe5 $1) 24.
Qe5 f6 25. Qf5 $14) 21. Rad1 Rad8 {Mikhalevski: d5 pawn is well defended and
White decides to change queens in order to weaken defence.} 22. Qd3 (22. h4 g6
23. Qd3 (23. Qf3 Bg7 24. Rb4 Qa6 25. Bxg7 Kxg7 $11) 23... Qxd3 24. R4xd3 Bg7
25. Bxg7 Kxg7 26. f3 Kf6 $11) (22. R4d3 $5 $14) (22. Rh4 {Mikhalevski,V} Rg6
23. Rh5 (23. Qh5 h6 (23... Rh6 $5 24. Qxh6 gxh6 25. Rg4+ Bg7 26. Rxg7+ Kf8 27.
Rxh7 Rd6 $13)) 23... Qa4 $1 {[%csl Ra2,Rd1]} 24. Rxd5 Rxd5 25. Qxd5 Rd6 26. Qf3
(26. Qb3 Rd1+ 27. Kg2 Qe4+) 26... Qxa2 $11) 22... Qb7 (22... Qxd3 {Mikhalevski,
V could be in the White's favour as it would yield more space for the attack
of weak pawns(White's rook can come from a-file;king would go to the centre).}
23. R1xd3 {[%cal Gd4a4,Gg1f1,Gf1e2]}) 23. Ba5 (23. h4 $5 {Mikhalevski,V}) 23...
Re8 24. Bb4 Rd7 25. Bxf8 Rxf8 26. Rxd5 $6 {Dubious decision depriving white
chanses to win the game.After Mikhalevski: White decides to go for a draw.
Otherwise this exchange is not understandable.} (26. b4 Rfd8 27. b5 g6 28. a4
Kg7 29. h4 $14 {white keeps the advantage.}) (26. b3 $5 {Mikhalevski,V with
slight but prolonged edge.}) 26... Rxd5 27. Qxd5 Qxb2 $11 28. Re1 Qf6 $1 {
Mikhalevski: Now Black has to be accurate and draw will be in his pocket.} 29.
a4 g6 30. Qb7 (30. a5 {Mikhalevski,V} Rd8 31. Qc5 a6 $11) 30... a6 (30... a5 {
Mikhalevski,V is worse as it's more difficult to defend it.For instance} 31.
Qb5 Qc3 32. Re5 (32. Re3 $5)) 31. Re4 Rd8 {Now it's the time for a draw offer,
but white tries to create something and,of course,without any success.
Mikhalevski: Now Black is not worse at all and the rest is not very
interesting.} 32. Rf4 Qe6 33. h4 h6 (33... h5 $5 {Mikhalevski,V}) 34. Kh2 Rd2
35. Qf3 Qd5 36. Qxd5 Rxd5 37. Kg2 Kf8 38. Kf3 Ke7 39. Ke3 Rd1 40. Rc4 Ra1 41.
Re4+ Kf6 42. Rf4+ Ke6 43. Kd3 Ra2 44. Ke3 Ra3+ 1/2-1/2

[Event "ARG-ch"]
[Site "Argentina"]
[Date "1995.??.??"]
[Round "4"]
[White "Slipak, Sergio"]
[Black "Tempone, Marcelo"]
[Result "1/2-1/2"]
[WhiteElo "2520"]
[BlackElo "2435"]
[Annotator "Baburin,A"]
[PlyCount "97"]
[EventDate "1995.??.??"]
[EventType "tourn"]
[EventRounds "15"]
[EventCountry "ARG"]
[EventCategory "9"]
[SourceTitle "CBM 049"]
[Source "ChessBase"]
[SourceDate "1995.12.01"]
[SourceVersion "1"]
[SourceVersionDate "1995.12.01"]
[SourceQuality "1"]

1. d4 d5 2. c4 e6 3. Nf3 Nf6 4. g3 Nbd7 5. Bg2 c6 6. Qc2 Bd6 7. Nbd2 O-O 8. O-O
Re8 9. b3 e5 10. cxd5 cxd5 11. dxe5 Nxe5 12. Bb2 Nc6 13. Rfe1 Bg4 14. Rad1 Qe7
15. Nf1 Rac8 16. Ne3 d4 17. Nxg4 Nxg4 18. Qf5 Nxf2 {[#]This is an interesting
idea. In general the f2 (f7) square is often weak in positions with an
isolated d-pawn.} 19. Kxf2 Bb4 20. Kg1 Bxe1 21. Rxe1 Rcd8 22. Kh1 h6 23. Qg4
Qe4 24. Qxe4 Rxe4 25. Nd2 Re6 26. Bxc6 Rxc6 27. Nf3 Rc2 28. Bxd4 Rxa2 29. Kg2
a5 30. Kf2 b5 31. Rc1 Re8 32. Be3 a4 33. bxa4 bxa4 34. Rc7 Ra8 35. Bd4 a3 36.
Ke1 Re8 37. Nd2 Rd8 38. e3 Rb8 39. Kd1 Rb5 40. Kc1 Rf5 41. Bc3 Rd5 42. Bd4 Rf5
43. Rd7 Rb5 44. Rd8+ Kh7 45. Bc3 Rb7 46. Rd6 f6 47. e4 h5 48. Rd5 Kg6 49. Rc5
1/2-1/2

[Event "USA-ch (Women)"]
[Site "Saint Louis"]
[Date "2016.04.23"]
[Round "9"]
[White "Zatonskih, Anna"]
[Black "Abrahamyan, Tatev"]
[Result "0-1"]
[WhiteElo "2470"]
[BlackElo "2342"]
[Annotator "Besenthal,K"]
[PlyCount "48"]
[EventDate "2016.04.14"]
[EventType "tourn"]
[EventRounds "11"]
[EventCountry "USA"]
[EventCategory "2"]
[SourceTitle "CBM 172 Extra"]
[Source "ChessBase"]
[SourceDate "2016.06.21"]
[SourceVersion "1"]
[SourceVersionDate "2016.06.21"]
[SourceQuality "1"]

1. d4 Nf6 2. c4 e6 3. g3 c5 4. Nf3 cxd4 5. Nxd4 d5 6. Bg2 e5 7. Nb3 d4 8. O-O
Nc6 9. f4 exf4 10. Bxf4 Be6 11. Na3 ({Zu dieser Stellung gibt es kaum
Referenzpartien. In diesem Beispiel "vergaß" Schwarz die Rochade:} 11. N1d2 a5
12. Nf3 Bxc4 13. Rc1 Bd5 14. Nfxd4 Bxg2 15. Kxg2 Qd5+ 16. e4 Nxe4 17. Nxc6 bxc6
18. Qf3 Nf6 19. Rxc6 Bb4 20. a3 Be7 21. Re1 Qxf3+ 22. Kxf3 Nd5 23. Rc5 Nxf4 24.
gxf4 Kf8 25. Rxa5 Rc8 26. Rc1 Rd8 27. Nc5 g6 28. Ra7 Bxc5 29. Rxc5 Rd3+ 30. Ke4
Rb3 31. Rcc7 Rxb2 32. Rxf7+ Ke8 33. Rfb7 {1-0 (33) Papaioannou,I (2622)
-Gruenfeld,Y (2464) Khanty-Mansiysk 2010}) 11... Rc8 12. Rc1 Be7 13. Nb5 Nh5 $5
(13... O-O $11) 14. N5xd4 Nxd4 $6 (14... Nxf4 15. gxf4 (15. Rxf4 Bg5 16. Nxe6
fxe6 17. Re4 Bxc1 18. Rxe6+ Ne7 19. Qxc1 O-O {ergibt keinen nennenswerten
Vorteil für Weiß - das ist der Unterschied zu der Variante weiter unten.})
15... Nxd4 16. Nxd4 O-O $14) 15. Qxd4 $4 {Diagramm [#]} (15. Nxd4 Nxf4 16. Rxf4
$16 Bg5 $2 (16... O-O $1) 17. Nxe6 fxe6 18. Qa4+ Qd7 19. Qxd7+ Kxd7 20. Rf7+
Ke8 21. Rcf1 $18) 15... Bc5 $1 {Das hatte Weiß übersehen.} 16. Qxc5 Rxc5 17.
Nxc5 Qd4+ 18. Kh1 Qxc5 19. Bd2 O-O 20. b4 Qe7 21. Bf3 Nf6 22. a3 Rc8 23. c5 Bd5
24. Bf4 Qxe2 0-1

[Event "Grenke Chess Classic 1st"]
[Site "Baden-Baden"]
[Date "2013.02.11"]
[Round "5"]
[White "Meier, Georg"]
[Black "Adams, Michael"]
[Result "1/2-1/2"]
[WhiteElo "2640"]
[BlackElo "2725"]
[Annotator "CB"]
[PlyCount "70"]
[EventDate "2013.02.07"]
[EventType "tourn"]
[EventRounds "10"]
[EventCountry "GER"]
[EventCategory "19"]
[SourceTitle "CBM 153"]
[Source "ChessBase"]
[SourceDate "2013.03.14"]
[SourceVersion "1"]
[SourceVersionDate "2013.03.14"]
[SourceQuality "1"]

1. d4 Nf6 2. c4 e6 3. g3 d5 4. Nf3 Bb4+ 5. Bd2 Bd6 6. Nc3 O-O 7. Bg5 c6 8. Bg2
Nbd7 9. e4 $146 dxe4 10. Nxe4 Bb4+ 11. Nc3 Qa5 12. Bd2 e5 $5 {Adams: "What
else could I play? I had to try something." Suddenly the computers were
proclaiming Meier had a close to winning edge, but the chances of an upset
were all but extinguished a couple of moves later.} 13. a3 $1 Bxc3 14. Bxc3 Qa6
15. Nxe5 $2 ({After the game both players agreed that} 15. O-O {was the move,
with the problem for Black being that his queen is in real danger of getting
stuck after the line Adams was planning to play:} Qxc4 16. dxe5 Nd5 17. Bd4 $1
{with Rac1 to follow.}) 15... Nxe5 16. dxe5 Qxc4 17. Qd4 Qxd4 18. Bxd4 Rd8 $1
19. Rd1 Nd5 20. O-O Be6 21. f4 f5 22. exf6 Nxf6 23. Be5 Kf7 24. h3 h5 25. Rfe1
g6 26. Kf2 Bb3 27. Rd4 a5 28. Bf3 Be6 29. Kg2 Rxd4 30. Bxd4 Rd8 31. Bb6 Rd2+
32. Re2 Rd3 33. Re3 Rd2+ 34. Re2 Rd3 35. Re3 Rd2+ 1/2-1/2

[Event "ARG-ch 89th"]
[Site "Saenz Pena"]
[Date "2014.07.14"]
[Round "7"]
[White "Mareco, Sandro"]
[Black "Lorenzini, Martin"]
[Result "1-0"]
[WhiteElo "2592"]
[BlackElo "2488"]
[Annotator "CB"]
[PlyCount "69"]
[EventDate "2014.07.09"]
[EventType "tourn"]
[EventRounds "13"]
[EventCountry "ARG"]
[EventCategory "9"]
[SourceTitle "CBM 161 Extra"]
[Source "ChessBase"]
[SourceDate "2014.08.29"]
[SourceVersion "1"]
[SourceVersionDate "2014.08.29"]
[SourceQuality "1"]

{El encuentro de la jornada. El único líder enfrentando al elo más alto del
certamen.} 1. d4 d5 2. c4 e6 3. Nf3 Nf6 4. g3 {Mareco utiliza su predilecta
apertura catalana.} Bb4+ 5. Bd2 Bd6 ({Es más común.} 5... Be7) 6. Bg2 Nc6 ({
Otro dispositivo para las negras es} 6... c6) 7. O-O dxc4 8. Bg5 ({Lo más
teórico es} 8. Qa4 O-O 9. Qxc4 e5 10. dxe5 Nxe5 11. Nxe5 Bxe5 12. Bc3 Qe7) 8...
Rb8 9. Nc3 O-O 10. Qa4 Nb4 11. Ne5 h6 $2 ({Era necesario} 11... b5 12. Nxb5 Qe8
13. Nc3 Qxa4 14. Nxa4 Nc2 {Con juego confuso}) 12. Bxf6 gxf6 ({No era posible} 
12... Qxf6 $6 {por} 13. Qxa7 Na6 14. Nxc4 {Las negras sufren su falta de
coordinación}) 13. Nxc4 Bd7 14. Qb3 $6 ({Mejor era} 14. Qxa7 Nc6 15. Bxc6 Bxc6
16. Nxd6 cxd6 (16... Qxd6 17. Qc5) 17. d5 $1 {Destrozando la estructura de las
negas}) 14... Be7 15. d5 b5 16. Ne3 c5 17. a3 c4 18. Qd1 Nxd5 19. Ncxd5 exd5
20. Qxd5 {Las negras pagan caro su error de la jugada 11. Su debilitado flanco
rey otorga una ventaja clara a las blancas} Qc8 {Delicado momento para las
negras. Parece mejor entregar un peón para cambiar damas.} (20... Qc7 21. Qh5
Qe5 22. Qxh6 Qg5 23. Qxg5+ fxg5) 21. Rad1 Be6 22. Qh5 Kg7 23. Rd4 Qc5 24. Rd5 {
Ahora el ataque es mortal.} Qc8 ({Pierde de inmediato} 24... Bxd5 25. Nf5+ {
Con mate inevitable}) 25. Rfd1 b4 26. Be4 Rd8 27. Rxd8 Bxd8 28. Bf5 Qc5 29.
axb4 Qe5 30. Ng4 Qxf5 31. Qxh6+ Kg8 32. Rxd8+ Rxd8 33. Nxf6+ Qxf6 34. Qxf6 Rb8
35. h4 {Gran victoria del Gm Mareco, recuperándose de 2 derrotas consecutivas.}
1-0

[Event "Interzonal-15"]
[Site "Manila"]
[Date "1990.??.??"]
[Round "10"]
[White "Sunye Neto, Jaime"]
[Black "Petursson, Margeir"]
[Result "1-0"]
[WhiteElo "2465"]
[BlackElo "2550"]
[Annotator "ChessBase"]
[PlyCount "77"]
[EventDate "1990.06.29"]
[EventType "swiss"]
[EventRounds "13"]
[EventCountry "PHI"]
[SourceTitle "CBM 019"]
[Source "ChessBase"]
[SourceDate "1990.12.01"]
[SourceVersion "1"]
[SourceVersionDate "1990.12.01"]
[SourceQuality "1"]

1. c4 e6 2. Nc3 d5 3. d4 c6 4. Nf3 dxc4 5. g3 b5 6. Bg2 Bb7 (6... Nf6 $1 {E 04}
) 7. O-O Nd7 8. e4 Ngf6 9. e5 Nd5 10. Ng5 Be7 11. Qh5 g6 12. Qh6 Bf8 13. Qh3
Be7 14. Nce4 Qc7 15. Re1 Qb6 16. Nd6+ Bxd6 17. exd6 O-O-O 18. Nxf7 Qxd4 19.
Qxe6 Qf6 20. Bh3 Qxe6 21. Rxe6 c5 22. Bg5 Rdf8 23. Nxh8 Rxh8 24. Rae1 Bc6 25.
Re8+ Rxe8 26. Rxe8+ Kb7 27. Re7 N5b6 28. Rxh7 b4 29. Bd8 c3 30. bxc3 bxc3 31.
Bg5 Ka6 32. Re7 Kb5 33. Bg2 Bxg2 34. Kxg2 Kb4 35. h4 Ka3 36. g4 c2 37. h5 gxh5
38. gxh5 Nf6 39. Rxa7+ 1-0

[Event "NED-ch52"]
[Site "Rotterdam"]
[Date "1997.07.01"]
[Round "9"]
[White "Timman, Jan H"]
[Black "Cifuentes Parada, Roberto"]
[Result "0-1"]
[WhiteElo "2630"]
[BlackElo "2515"]
[Annotator "Cifuentes Parada,L"]
[PlyCount "42"]
[EventDate "1997.06.21"]
[EventType "tourn"]
[EventRounds "11"]
[EventCountry "NED"]
[EventCategory "12"]
[SourceTitle "CBM 060"]
[Source "ChessBase"]
[SourceDate "1997.09.29"]
[SourceVersion "1"]
[SourceVersionDate "1997.09.29"]
[SourceQuality "1"]

1. d4 Nf6 2. c4 e6 3. Nf3 d5 4. g3 c6 5. Bg2 Nbd7 6. Qc2 Bd6 $5 (6... b5 7.
cxb5 cxb5 8. Qc6 Rb8 9. Bf4 Rb6 10. Qc2 Bb7 11. O-O Rc6 12. Qb3 Qb6 13. Nc3 $14
{Ghitescu-Haik, Bagneux 1981}) (6... Be7 {E09}) (6... b6 7. O-O Bb7 8. Nbd2 Bd6
9. Rd1 O-O 10. e4 dxe4 11. Nxe4 Nxe4 12. Qxe4 Qc7 13. Qd3 Rad8 14. b3 Rfe8 15.
Bb2 Be7 16. Rd2 Bf6 17. Rad1 $14 {Asanov-Tatabadze, Barnaul 1988}) 7. O-O O-O (
7... dxc4 8. Qxc4 O-O 9. Nbd2 Qc7 10. Qc2 Nb6 11. e4 e5 12. dxe5 Bxe5 13. Nxe5
Qxe5 14. Re1 Qh5 15. a4 Bh3 16. Bh1 Rad8 17. b3 $14 {C.Hansen-Hort,
Thessaloniki ol 1988}) 8. Nbd2 (8. Nc3 dxc4 9. Nd2 Nb6 10. Nce4 Be7 11. e3 e5
$1 12. dxe5 Ng4 13. Nxc4 Nxc4 14. Qxc4 Nxe5 {1/2-1/2 Wojtkiewicz,A-Cifuentes,R/
Wijk aan Zee 1994}) (8. Bf4 Bxf4 9. gxf4 Ne4 10. Nc3 Nd6 $5 11. c5 Nf5 12. b4
b6 13. Rfd1 Qc7 14. e3 a5 15. a3 Bb7 16. Bh3 g6 $11 {Wojtkiewicz-Skembris,
Athens 1992}) 8... Re8 (8... b6 9. e4 dxe4 10. Nxe4 Nxe4 11. Qxe4 Bb7 12. Qc2
Rc8 13. Ng5 Nf6 14. c5 $14 {Shipman-Kalikshtein, New York 1993}) (8... Qe7 9.
Re1 $5 e5 10. dxe5 Nxe5 11. cxd5 Nxd5 12. Nxe5 Bxe5 13. Nc4 Bc7 14. Bd2 Rd8 15.
a3 Be6 16. b4 $14 {Manor-Sehner, Lugano 1989}) (8... e5 9. cxd5 cxd5 10. dxe5
Nxe5 11. Nxe5 Bxe5 12. Nf3 Bd6 13. Be3 Be6 14. Rfd1 Rc8 15. Qd3 $14) (8... b5
$6 9. c5 Bc7 10. e4 e5 11. dxe5 Nxe5 12. Nxe5 Bxe5 13. Nf3 $16 {Dorfman-Santos,
St,Barbara 1992}) 9. b3 (9. Rd1 Qe7 (9... e5 $6 10. cxd5 cxd5 11. dxe5 Nxe5 12.
Nxe5 Rxe5 13. Nf3 Bf5 14. Qb3 $1 Re7 15. Bg5 $1 $16) 10. Nf1 (10. b3 $6 e5 11.
cxd5 cxd5 12. dxe5 Nxe5 13. Bb2 Neg4 $1 14. Rf1 Ne4 $15 {Cifuentes,R-Vinck /
Holanda 1993}) (10. e4 Nxe4 11. Nxe4 dxe4 12. Qxe4 e5 13. dxe5 Nxe5 14. Nxe5
Bxe5 15. Bf4 Bg4 $1 16. Re1 Bf6 $11 {Skembris-Antonio /Manila (ol) 1992}) 10...
b6 11. Bf4 $6 Bxf4 12. gxf4 c5 $1 13. Ne5 Bb7 14. Ng3 Rac8 15. Qa4 cxd4 16.
cxd5 (16. Rxd4 Nc5 17. Qxa7 Nb3 $1 18. axb3 Ra8 $19) 16... Bxd5 17. Bxd5 Nc5 $1
$11 {Agdestein,S-Cifuentes,R /Tilburg 60/468 1993/0-1 (49)}) (9. Re1 e5 10.
dxe5 Nxe5 11. cxd5 Nxd5 12. Nxe5 Bxe5 13. Nc4 Bf6 14. Bd2 Nb6 15. Na5 $14 {
Manor-An.Rodriguez, Tunja jr 1989}) 9... Qe7 {N} (9... e5 $5 10. dxe5 (10. cxd5
cxd5 11. dxe5 Nxe5 12. Bb2 Nc6 13. e3 (13. Rae1 Bg4 14. e4 d4 15. a3 Rc8 16.
Qd3 Nd7 17. h3 Nc5 18. Qb1 Bh5 19. Nh4 Bf8 20. Nf5 f6 $14 {Haba-Hracek, Brno
1994}) 13... Bg4 14. Rac1 Bh5 $1 (14... Qe7 15. Nd4 Nxd4 16. Bxd4 Ba3 17. Bc5
Bxc5 18. Qxc5 Qxc5 19. Rxc5 Rac8 $11 {Bareev-Anand, Biel izt 1993}) (14... Ne4
15. a3 Qe7 16. b4 Rad8 17. Nb3 Rc8 18. Qd3 Bxf3 19. Bxf3 Be5 $11 {Panno-Granda,
Buenos Aires 1991}) 15. Qb1 Bg6 16. Qa1 Nb4 $132 17. Ne1 Bf8 18. a3 Nc6 19.
Nef3 Ne4 20. b4 Qb6 21. Nxe4 Bxe4 22. Ne5 Nxe5 23. Bxe5 Qb5 $1 $15 {
Schwartzman,G-Cifuentes,R/Wijk aan Zee 1994/1/2-1/2 (58)}) 10... Nxe5 11. Bb2
Bg4 (11... dxc4 12. bxc4 $5 $14) 12. cxd5 cxd5 13. Bxe5 Bxe5 14. Nxe5 Rxe5 15.
Nf3 Re7 (15... Bf5 $2 16. Qb2 Re7 17. Nd4 Be4 18. Bh3 $1 $16) 16. Nd4 Rc8 17.
Qb2 Rec7 18. Rac1 (18. f3 Bd7 $11 {Tukmakov-Nogueiras, Mesa 1992}) 18... h6 (
18... h5 $5 $11) (18... h5 $5 $11) 19. e3 $14 {Andersson,U-Cifuentes,R/
Benidorm Open 1994}) (9... Qc7 10. Bb2 b6 11. e4 dxe4 12. Nxe4 Nxe4 13. Qxe4
Bb7 14. Rfe1 Nf6 15. Qc2 Be7 16. Rad1 Rad8 17. Ne5 $14 {Kumaran-Knox. British
ch 1993}) 10. Bb2 e5 11. dxe5 Nxe5 12. Nd4 $6 ({Better was:} 12. cxd5 cxd5 13.
Nd4 Bg4 14. Rac1 Rac8 15. Qb1) 12... Bb4 $1 13. cxd5 {In any case is dificult
to find an active plan for white,. because black is planning to take on d2 and
also c5, for instance:} (13. Rad1 c5 $1 14. Nf5 Bxf5 15. Qxf5 Bxd2 16. Rxd2
dxc4 17. Bxe5 (17. Bxb7 Qxb7 18. Bxe5 Qe4 $1) 17... Qxe5 18. Qxe5 Rxe5 19. bxc4
Rae8 {with equal chances}) 13... cxd5 14. a3 Ba5 15. b4 Bb6 16. e4 dxe4 17.
Nxe4 Nxe4 $6 (17... Bg4 $1 18. Nxf6+ Qxf6 19. Bxb7 Rad8 $1 $44 (19... Bxd4 20.
Bxd4 Nf3+ 21. Bxf3 Qxf3 22. Qc3 $14)) 18. Bxe4 $2 (18. Qxe4 $1 Nc4 19. Qxe7
Rxe7 20. Bc3 $14) 18... Bh3 $1 19. Rfd1 (19. Bxh7+ $2 Kh8 20. Rfe1 (20. Rfd1
Bxd4 21. Bxd4 Nf3+ 22. Kh1 Nxd4 23. Rxd4 Qe1+ $19) 20... Bxd4 21. Bxd4 Nf3+ $19
) 19... Rac8 20. Qb1 (20. Bxh7+ Kh8 21. Qe4 Nc4 $1 22. Qxe7 Rxe7 23. Bf5 Nxb2
24. Bxc8 (24. Bxh3 Nxd1 25. Bxc8 Re1+ $19) 24... Nxd1 25. Bxh3 Nxf2 $1 $19) (
20. Qb3 Nc4 $1 21. Bf3 (21. Bg2 Bxg2 22. Kxg2 Nxb2 23. Qxb2 Qe4+ 24. Nf3 (24.
f3 Bxd4 25. Qxd4 Rc2+ 26. Kh3 Qxf3 $19) 24... Rc2 $19) 21... Nxb2 22. Qxb2 Qf6
23. Bxb7 Rcd8 $19) 20... Qf6 $1 $19 21. f4 (21. Nf5 Bxf5 $1 22. Bxf5 g6 23.
Bxe5 Rxe5 24. Be4 (24. Bxc8 Qxf2+ 25. Kh1 Qf3#) 24... Qxf2+ 25. Kh1 Rh5 $19)
21... Nc4 0-1